000 00814nam a22002417a 4500
003 DO-SdBNP
005 20210721083246.0
008 2018 / dr. ||||spa d
020 _a9789945503203
040 _aBPMSU
_bspa
_cBPMSU
082 _aG863.08
_bM678m
_222
245 _aMis manos son tu superficie :
_bantología de narrativa guatemalteca /
_cSelección y notas de Francisco Morales Santos.
260 _aSanto Domingo :
_bEditora Nacional,
_c2018.
300 _a449 p. ,
_c23 cm.
490 0 _aHomenaje ;
_aNarrativa
500 _aIncluyes datos biográficos del autor en la solapa de la cubierta.
590 _6Inventariado, 2021/VM
650 4 _aNovela guatemalteca
650 4 _aNovela guatemalteca
700 1 _aMorales Santos, Francisco
_d1948-
910 _aMCabrera./VMateo V.
942 _2ddc
_cBK
999 _c13400
_d13400